| 000 | 01135nam a2200265Ia 4500 | ||
|---|---|---|---|
| 001 | 242.1-MOR to tr (13902) | ||
| 003 | IT-MiSPE | ||
| 008 | 171229s9999||||xx |||||||||||||| ||und|| | ||
| 040 |
_aIT-MiSPE _cIT-MiSPE |
||
| 041 | _aITALIANO | ||
| 100 |
_aThomas More (Tommaso Moro) _gsanto |
||
| 240 | _aDe tristitia Christi | ||
| 245 | 0 | _aGesù al Getsemani | |
| 250 | _a1a ed. (v) | ||
| 260 |
_aMilano _bPaoline _c2001 |
||
| 300 |
_a233 p. _c20 cm |
||
| 490 |
_aLetture cristiane del II millennio _v27 |
||
| 501 | _aEdizioni San Paolo srl - Piazza Soncino, 5 - 20092 CINISELLO BALSAMO (MI) (non commercial uses only) ® Copyright 2018 | ||
| 520 | _aDomenico Pezzini (intr. e note) | ||
| 700 | _aDomenico Pezzini | ||
| 700 |
_aSimona Erotoli _g(traduzione) |
||
| 942 | _cBK | ||
| 957 | _71 | ||
| 999 |
_a278 _bNO _g Copie: 1 _c342149 _d342149 |
||